000 00299nam a2200121 a 4500
008 101022s1984|||| d
100 1 _aVargas Llosa, Mario
245 1 0 _aPantaleón a jeho ženský regiment
260 _bTatran
_aBratislava
_c1984
020 _c30
041 _aslo
044 _axo
_cSK
999 _c12052
_d12052